| 000 | 00490nam a2200169 i 4500 | ||
|---|---|---|---|
| 001 | bg | ||
| 245 | 0 |
_aKatalog materiałów dla budownictwa szkieletowego / _cProPol, Centrum Budownictwa Szkieletowego. |
|
| 260 |
_aGdańsk : _bProPol CBS, _c1997. |
||
| 300 |
_a80 s. : _bfot. kolor. ; _c30 cm. |
||
| 650 | 9 | _aBudownictwo szkieletowe | |
| 650 | 9 | _aMateriały budowlane | |
| 040 | _cBPK | ||
| 041 | _apl | ||
| 080 | _a69(085.2) | ||
| 942 | _cKA | ||
| 008 | s pl f |000 0 pol | ||
| 999 |
_c24196 _d24196 |
||
| 856 |
_uhttp://koha.tu.koszalin.pl/cgi-bin/koha/opac-detail.pl?biblionumber=24196 _yKatalog online BPK |
||